000 00508nam a2200193Ia 4500
005 20250522104249.0
008 008 250516s9999 xx 000 0 eng d
020 _a9781032211473
040 _aSDCL
_beng
_cSDCL
041 _aeng
_2eng
084 _aY:4582, R4
_qSDCL
100 _aSchneider, Stephen
_9752442
245 0 _aSocial movement literature :
_bAn introduction
260 _aLondon:
_bRoutledge,
_c2024.
300 _a181p.
365 _aUKP
_b35.99
650 _aEnglish
942 _cTEXL
999 _c1429739
_d1429739